|
|
|
|
| LEADER |
00000nab a2200000 a 4500 |
| 001 |
vtls010571886 |
| 003 |
SK-MaSNL |
| 005 |
20260303211828.0 |
| 008 |
140625u2008 xo r|p | 000 ||slo |
| 015 |
|
|
|a LMSMOPAJ
|2 lmsmopaj
|
| 038 |
|
|
|a LMSMOPAJ
|
| 040 |
|
|
|a LMSMOPAJ
|b slo
|c LMSMOPAJ
|e AACR2
|
| 041 |
1 |
|
|a slo
|
| 044 |
|
|
|a xo
|c SK
|
| 080 |
|
|
|a 796.5 (437.6)
|2 2001
|
| 100 |
|
|
|a Lacika, Ján,
|d 1956-
|4 aut
|9 101502
|
| 245 |
1 |
0 |
|a Detva
|
| 300 |
|
|
|a zv.
|b Foto 3
|c 24 cm
|
| 650 |
0 |
7 |
|a regióny
|2 lmsmopaj
|9 2350
|
| 651 |
|
7 |
|a Podpoľanie (Slovensko : región)
|2 lmsmopaj
|9 63474
|
| 655 |
|
7 |
|a články z novín a časopisov
|2 lmsmopaj
|9 267496
|
| 655 |
|
7 |
|a turistické časopisy
|2 lmsmopaj
|9 272437
|
| 710 |
2 |
0 |
|a Augustini, Peter (Bratislava, Slovensko)
|4 edt
|9 1093576
|
| 710 |
2 |
0 |
|a Kollár, Daniel (Bratislava, Slovensko)
|4 edt
|9 1093577
|
| 773 |
0 |
8 |
|t Krásy Slovenska
|d Bratislava : Dajama, 2006
|g Roc. 85, č. 7-8 (2008), s. 14-15
|x 0323-0643
|
| 852 |
|
|
|a LMSMOPAJ
|
| 999 |
|
|
|c 2204366
|d 2206296
|